<?xml version="1.0" encoding="UTF-8"?><?xml-stylesheet type="text/xsl" href="static/style.xsl"?><OAI-PMH xmlns="http://www.openarchives.org/OAI/2.0/" xmlns:xsi="http://www.w3.org/2001/XMLSchema-instance" xsi:schemaLocation="http://www.openarchives.org/OAI/2.0/ http://www.openarchives.org/OAI/2.0/OAI-PMH.xsd"><responseDate>2026-04-17T03:11:55Z</responseDate><request verb="GetRecord" identifier="oai:www.recercat.cat:2072/414383" metadataPrefix="marc">https://recercat.cat/oai/request</request><GetRecord><record><header><identifier>oai:recercat.cat:2072/414383</identifier><datestamp>2024-10-31T00:46:32Z</datestamp><setSpec>com_2072_98</setSpec><setSpec>col_2072_378192</setSpec></header><metadata><record xmlns="http://www.loc.gov/MARC21/slim" xmlns:dcterms="http://purl.org/dc/terms/" xmlns:xsi="http://www.w3.org/2001/XMLSchema-instance" xmlns:doc="http://www.lyncode.com/xoai" xsi:schemaLocation="http://www.loc.gov/MARC21/slim http://www.loc.gov/standards/marcxml/schema/MARC21slim.xsd">
   <leader>00925njm 22002777a 4500</leader>
   <datafield ind2=" " ind1=" " tag="042">
      <subfield code="a">dc</subfield>
   </datafield>
   <datafield ind2=" " ind1=" " tag="720">
      <subfield code="a">Moreno Cuerva, Ernesto</subfield>
      <subfield code="e">author</subfield>
   </datafield>
   <datafield ind2=" " ind1=" " tag="720">
      <subfield code="a">Gómez Ruano, Miguel Ángel</subfield>
      <subfield code="e">author</subfield>
   </datafield>
   <datafield ind2=" " ind1=" " tag="260">
      <subfield code="c">2017</subfield>
   </datafield>
   <datafield ind2=" " ind1=" " tag="520">
      <subfield code="a">El objetivo de esta investigación fue diseñar y validar una herramienta de observación ad-hoc para el análisis de las rachas de lanzamiento en el baloncesto profesional. Para dicho proceso de validación se han desarrollado 5 fases: Fase 1) Identificación, selección y categorización de posibles variables a incluir en la herramienta; Fase 2) Realización de una observación piloto para afinar o incluir nuevas variables; Fase 3) Calculo V de Aiken para analizar la validez de contenido mediante criterio experto; Fase 4) Calculo de validez interna del instrumento criterio de entrenadores superiores; Fase 5) Análisis de la validez intra-observador e inter-observador mediante el índice de correlación de Pearson, coeficiente de correlación intraclase e índice Kappa de Cohen. Podemos afirmar que el instrumento diseñado es válido y fiable para el análisis de las rachas de lanzamiento en el baloncesto profesional masculino.</subfield>
   </datafield>
   <datafield ind2=" " ind1=" " tag="520">
      <subfield code="a">The purpose of this research is to design and validate an ad-hoc observational instrument to analyze shooting streaks in professional basketball. The instrument and its validation was developed in five steps. In the first step a preliminary list of candidates variables was made. In the second step a pilot observation was done to refine or include new variables. In the third and fourth steps the content validity was established and calculated by means of the Aiken's V method respectively. In the fifth step inter and intra observer reliability were tested by using the Pearson's correlation coefficient, the intraclass correlation coefficient and the Cohen's Kappa coefficient. The instrument designed has been proved to be valid and reliable for the analysis of shooting streaks in men's professional basketball.</subfield>
   </datafield>
   <datafield tag="653" ind2=" " ind1=" ">
      <subfield code="a">Deportes de equipo</subfield>
   </datafield>
   <datafield tag="653" ind2=" " ind1=" ">
      <subfield code="a">Análisis del rendimiento</subfield>
   </datafield>
   <datafield tag="653" ind2=" " ind1=" ">
      <subfield code="a">Validez de contenido</subfield>
   </datafield>
   <datafield tag="653" ind2=" " ind1=" ">
      <subfield code="a">V aiken</subfield>
   </datafield>
   <datafield tag="653" ind2=" " ind1=" ">
      <subfield code="a">Rachas de lanzamiento</subfield>
   </datafield>
   <datafield tag="653" ind2=" " ind1=" ">
      <subfield code="a">Team sport</subfield>
   </datafield>
   <datafield tag="653" ind2=" " ind1=" ">
      <subfield code="a">Performance</subfield>
   </datafield>
   <datafield tag="653" ind2=" " ind1=" ">
      <subfield code="a">Content validity</subfield>
   </datafield>
   <datafield tag="653" ind2=" " ind1=" ">
      <subfield code="a">Aiken's v</subfield>
   </datafield>
   <datafield tag="653" ind2=" " ind1=" ">
      <subfield code="a">Shooting streaks</subfield>
   </datafield>
   <datafield ind2="0" ind1="0" tag="245">
      <subfield code="a">Validación herramienta observacional para el análisis de rachas de lanzamiento en baloncesto</subfield>
   </datafield>
</record></metadata></record></GetRecord></OAI-PMH>